Pays Francophones - Statistiques

Statistiques générales
  • Ce quiz a été pris 127 fois
  • Le résultat moyen est 20 sur 32
Statistiques - réponses
Pays francophones % Correct
Belgique
94%
France
93%
Suisse
90%
Canada
89%
République démocratique du Congo
86%
République du Congo
85%
Luxembourg
81%
Mali
79%
Sénégal
79%
Monaco
76%
Andorre
74%
Cameroun
72%
Côte d'Ivoire
69%
Madagascar
67%
Togo
67%
Guinée
64%
Bénin
63%
Gabon
59%
Tchad
58%
Niger
57%
Burkina Faso
55%
Haïti
53%
République centrafricaine
53%
île Maurice
49%
Comores
47%
Djibouti
45%
Seychelles
39%
Rwanda
38%
Guinée équatoriale
37%
Burundi
36%
Vanuatu
23%
Vatican
16%
Aucun quiz correspondant
Distribution des résultats
% des personnes avec chaque résultat
Percentile par nombre de réponses
Votre historique - résultats
Vous n’avez pas pris ce quiz